000 00738nam a22002417a 4500
003 UA-OsUOA
001 41381
007 ta
008 20060922b un ||||| |||| 00| 0 ukr d
100 _aРоменець В. А.
090 _a159.9(3)"653""715"
_bР70
942 _cBK
040 _aUA-OsUOA
_bukr
_cUA-OsUOA
_dUA-OsUOA
245 _aІсторія психології: Стародавній світ. Середні віки. Відродження
_bнавч. пос.
300 _a916 с.
955 _a2
041 _aukr
080 _a159.9(3)"653""715"
020 _a966-06-0383-5
260 _aК.
_bЛибідь
_c2005
650 7 _a159.9 Психологія
_2UDC
999 _c327522
_d327522